000 00750nam a2200253 a 4500
001 BRL_1530
005 20190320211241.0
008 180214s1956----gw-aob####---#000-0#ger-#
041 _ager
044 _agw
050 4 _aF3429
_b.B38 1956
100 1 _aBaudin, Luois
_d1887-
_927185
245 1 0 _aDer sozialistische Staat der Inka
_cLouis Baudin.
260 _aHamburg
_bRowohlt
_c1956
300 _a149 p.
_bil., fotografías (blanco y negro), mapas
_c19 cm.
440 0 _aRowohlts Deutsche Enzyklopädie
_v16
_927186
500 _aAu1820
504 _aBibliografía: p. 136-143
650 1 4 _aIncas
_915792
650 1 4 _aIndígenas de América del Sur
_zPerú
_927187
650 1 4 _aSocialismo
_zPerú
_927188
902 _aGRL
942 _2lcc
_cB
999 _c10339
_d10339